ბათუმის შოთა რუსთაველის სახელმწიფო უნივერსიტეტის ბიბლიოთეკა

Теория упругости=Теоретическая физика.Том Vll. (ბიბ.ჩანაწერი № 42555)

000 -LEADER
fixed length control field 00688nam a2200217Ia 4500
001 - CONTROL NUMBER
control field 9254
003 - CONTROL NUMBER IDENTIFIER
control field GE_BSU
008 - FIXED-LENGTH DATA ELEMENTS--GENERAL INFORMATION
fixed length control field 181216s||||||||xx |||||||||||||| ||und||
040 ## - CATALOGING SOURCE
Transcribing agency GE_BSU
080 ## - UNIVERSAL DECIMAL CLASSIFICATION NUMBER
Universal Decimal Classification number 531
100 ## - MAIN ENTRY--PERSONAL NAME
Personal name Ландау,Л.Д. Лифшиц,Е.М.
245 ## - TITLE STATEMENT
Title Теория упругости=Теоретическая физика.Том Vll.
245 ## - TITLE STATEMENT
Statement of responsibility, etc. Ред. И.Г.Вирко.
250 ## - EDITION STATEMENT
Edition statement Изд. третье, испр. и дополненное.
260 ## - PUBLICATION, DISTRIBUTION, ETC.
Place of publication, distribution, etc. М.
260 ## - PUBLICATION, DISTRIBUTION, ETC.
Name of publisher, distributor, etc. Наука.
260 ## - PUBLICATION, DISTRIBUTION, ETC.
Date of publication, distribution, etc. 1965.
300 ## - PHYSICAL DESCRIPTION
Extent 204 стр. с илл. 20см.
653 ## - INDEX TERM--UNCONTROLLED
Uncontrolled term Теория упругости=Теоретическая физика.
942 ## - ADDED ENTRY ELEMENTS (KOHA)
Koha item type წიგნი
ეგზემპლარები
Withdrawn status Lost status Damaged status Not for loan Date acquired Barcode Date last seen Price effective from Koha item type
        2018-12-17 10029 2018-12-17 2018-12-17 წიგნი